| 000 | 00356nam a2200133 a 4500 | ||
|---|---|---|---|
| 005 | 20140414131916.0 | ||
| 008 | 101019s19uu xx 00 eng d | ||
| 050 |
_aER _bP96 2003 |
||
| 100 | _aClayton, Jenny | ||
| 245 | _aPuss in boots. | ||
| 260 |
_aBridlington, England : _bPeter Haddock, _c2003?. |
||
| 440 | _aNever-never land stories | ||
| 999 |
_c111477 _d111477 |
||